Music Quiz

Random Music or Song Quiz
Score 0/50 Timer 10:00
0 Plays Today
% Correct
Beetlebum
97.5%
Coffee & TV
97.2%
Song 2
96.9%
Country House
96.9%
Girls & Boys
96.8%
Parklife
96.2%
Charmless Man
95.8%
End Of A Century
94.8%
The Universal
93.4%
For Tomorrow
92.8%
She's So High
92.8%
There's No Other Way
92.1%
Tender
92%
No Distance Left To Run
91.9%
To The End
91.7%
This Is A Low
91%
Tracy Jacks
87.7%
Music Is My Radar
86.8%
Stereotypes
86.6%
On Your Own
86.1%
London Loves
86.1%
Bank Holiday
85.8%
Jubilee
85%
Essex Dogs
84.2%
B.L.U.R.E.M.I.
83.9%
% Correct
Badhead
83.2%
M.O.R.
83%
Country Sad Ballad Man
81.8%
The Debt Collector
81.3%
Out Of Time
80.7%
Advert
80.4%
Death Of A Party
80%
Bugman
80%
You're So Great
78.1%
Good Song
77.6%
Mr. Robinson's Quango
77.5%
1992
77.2%
Trimm Trabb
76.9%
Under The Westway
76%
Sweet Song
75.5%
Far Out
75.3%
Yuko And Hiro
74.8%
Blue Jeans
74.1%
Caramel
74%
Ambulance
73.9%
Sing
72.8%
Crazy Beat
70.7%
I'm Just A Killer For Your Love
67.9%
Battle
61.5%
Fool
52.5%
Remove Ads.
Support Sporcle.
Get the best of Sporcle when you Go Orange. This ad-free experience offers more features, more stats, and more fun while also helping to support Sporcle. Thank you for becoming a member.

You're not logged in!

Compare scores with friends on all Sporcle quizzes.
OR
Log In

Show Comments

Extras

Created Oct 28, 2013ReportNominate
Tags:Clickable Quiz, Song Quiz, blur

Top Quizzes Today


Score Distribution

Your Account Isn't Verified!

In order to create a playlist on Sporcle, you need to verify the email address you used during registration. Go to your Sporcle Settings to finish the process.

Report this User

Report this user for behavior that violates our Community Guidelines.

Details: